000 00733nam a2200253 a 4500
005 20260310064154.0
008 991125s1997 mx r 000 0 spa
020 _a9682313414
035 _aUPN01000143503
049 _aCG
050 4 _aNA200
_bB6.2 1997
100 1 _aBottero, Bianca
245 1 0 _aArquitectura /
_cBianca Bottero ; tr. Miquel Martí.
250 _a2a ed.
260 _aMéxico :
_bSiglo XXI,
_c1997.
300 _a228 p.
440 3 _aLa cultura del novecientos ;
_v5
501 _aCon: Artes plásticas / por Antonello Negri.
650 4 _aArquitectura
_xHistoria
_92345
650 7 _aArtes plásticas
_2
_92767
700 1 _aNegri, Antonello,
_ecoaut.
740 0 _aArtes plásticas
905 _aLibro
999 _c115650
_d115650